Le Feu dans l'Histoire (et dans les histoires) - Statistiques

Statistiques générales
  • Ce quiz a été pris 4 901 fois
  • Le résultat moyen est 9 sur 20
Statistiques - réponses
Question Réponse % Correct
Qui fut notoirement brûlée vive en 1431, alors qu'elle n'avait que 19 ans ? Jeanne d'Arc
91%
Quelle cathédrale emblématique fut partiellement détruite par un incendie en 2019 ? Notre-Dame de Paris
80%
Quel empereur est souvent accusé d'avoir causé le Grand incendie de Rome ? Néron
76%
Chez Homère, quelle divinité de la métallurgie désigne par métonymie le Feu ? Héphaïstos
72%
Dans la mythologie grecque, quel Titan a fait don du feu aux êtres humains ? Prométhée
66%
Quelle invention chinoise, appelée « médicament de feu », a ensuite trouvé une utilisation militaire ? Poudre à canon
60%
Quel explorateur choisit le nom de l'île de Terre de Feu, située au sud de la Patagonie ? Fernand de Magellan
55%
En quelle année diabolique Londres a-t-elle été ravagée par les flammes ? 1666
51%
Dans l'Exode (Ancien Testament), sous quelle forme ardente Dieu se présente-t-il à Moïse ? Buisson ardent
51%
Quel recette de feu byzantin, brûlant même au contact de l'eau, est aujourd'hui perdue ? Feu {grégeois}
48%
Quel bâtiment aurait été incendié par un complot communiste, selon Adolf Hitler ? Reichstag
47%
Quel nom donnait-on aux femmes chargées d'entretenir le feu sacré de Rome ? Vestales
39%
Quelle religion perse, fondée par Zarathoustra, est caractérisée par son culte du feu ? Zoroastrisme
38%
Quel roman dystopique de Ray Bradbury met en scène l'ignition de nombreux livres ? Fahrenheit 451
29%
Quel groupe de rock signa Smoke on the Water suite à l'incendie du Léman en 1971 ? Deep Purple
27%
Lors de quel évènement les Archives de Paris furent-elles volontairement incendiées ? Commune de Paris
26%
Quel poète célèbre désignait sa profession comme celle d'un « voleur de feu » ? Arthur Rimbaud
22%
Quel Zeppelin prit feu en 1937, marquant la fin du transport par ballon dirigeable ? LZ 129 Hindenburg
21%
Quel terme portugais désigne un acte de foi ou l'immolation d'hérétiques par l'Inquisition ? Autodafé
16%
Qu'est-ce qui a été utilisé pour la première fois sous le nom de « machine à feu » en 1698 ? Machine à vapeur
10%
Aucun quiz correspondant
Distribution des résultats
% des personnes avec chaque résultat
Percentile par nombre de réponses
Votre historique - résultats
Vous n’avez pas pris ce quiz